[Event "XII Open"]
[Site "Crema ITA"]
[Date "2010.09.05"]
[Round "4"]
[White "Marchesotti, Giovanni"]
[Black "Attuati, Sara"]
[Result "1-0"]
[WhiteElo "1578"]
[BlackElo "1455"]
[PlyCount "37"]
[EventDate "2010.09.03"]

1. f4 d5 2. Nf3 Bf5 3. e3 e6 4. b3 c5 5. Bb2 Nf6 6. Be2 Bd6 7. O-O Nbd7 8. Ne5
h6 9. g4 Bg6 10. Nxg6 fxg6 11. Bd3 g5 12. Bg6+ Ke7 13. Qf3 Qc7 14. Nc3 Nb6 15.
Nb5 Qd7 16. fxg5 hxg5 17. Bxf6+ Kf8 18. Be5+ Kg8 19. Bxd6 1-0

[Event "XII Open"]
[Site "Crema ITA"]
[Date "2010.09.05"]
[Round "4"]
[White "Martino, Antonio M."]
[Black "Regorda, Vittorio"]
[Result "1/2-1/2"]
[WhiteElo "1991"]
[BlackElo "1872"]
[PlyCount "59"]
[EventDate "2010.09.03"]

1. c4 Nf6 2. Nc3 c6 3. e4 e5 4. Nf3 d6 5. d4 Nbd7 6. g3 Be7 7. Bg2 O-O 8. O-O
Qc7 9. h3 a6 10. a4 exd4 11. Nxd4 Ne5 12. b3 g6 13. Be3 c5 14. Nde2 Be6 15. Nd5
Bxd5 16. cxd5 Ned7 17. f4 Nh5 18. g4 Ng7 19. f5 Bf6 20. Rc1 Qd8 21. Qd2 g5 22.
Nc3 h6 23. Nb1 b5 24. Qc2 b4 25. Nd2 Ne5 26. Nc4 Nxc4 27. Qxc4 Be5 28. Qe2 Qf6
29. Qd2 Qe7 30. Qf2 1/2-1/2

[Event "XII Open"]
[Site "Crema ITA"]
[Date "2010.09.05"]
[Round "4"]
[White "Milanesi, Erminio"]
[Black "Molteni, Diego"]
[Result "1/2-1/2"]
[WhiteElo "1855"]
[BlackElo "1527"]
[PlyCount "120"]
[EventDate "2010.09.03"]

1. e4 c5 2. d3 Nc6 3. g3 d6 4. Nh3 g6 5. c3 Bg7 6. f3 Nf6 7. Nf2 Bd7 8. Bg2 O-O
9. O-O Qb6 10. Na3 Be6 11. Nc4 Qc7 12. Ne3 b5 13. f4 Rac8 14. f5 Bd7 15. Nfg4
Nxg4 16. Nxg4 Ne5 17. Nxe5 dxe5 18. Be3 Rfd8 19. fxg6 fxg6 20. Qb3+ c4 21. dxc4
bxc4 22. Qa3 Be6 23. Rad1 Rd3 24. Qxa7 Qxa7 25. Bxa7 Ra8 26. Bc5 Rxa2 27. Ba3
Bf6 28. Rxd3 cxd3 29. Rd1 Bg4 30. Rxd3 Ra1+ 31. Kf2 Rc1 32. h3 Rc2+ 33. Kg1
Rc1+ 34. Kh2 Be2 35. Rd2 Bc4 36. b3 Rxc3 37. bxc4 Rxa3 38. Rc2 Kf7 39. c5 Ra7
40. Bf1 Rc7 41. Bc4+ Ke8 42. Be6 Rc6 43. Bd5 Rc7 44. c6 h5 45. Be6 Kf8 46. Kg2
g5 47. Kf3 Bh8 48. Bd7 e6 49. Bxe6 Bf6 50. Ke3 h4 51. gxh4 gxh4 52. Kf3 Ke7 53.
Bd5 Kd6 54. Rg2 Rg7 55. Rxg7 Bxg7 56. Kg4 Bf6 57. Kf5 Bd8 58. Kg6 Be7 59. Kf7
Bg5 60. Kg6 Be7 1/2-1/2

[Event "XII Open"]
[Site "Crema ITA"]
[Date "2010.09.05"]
[Round "4"]
[White "Mussap, Angelo"]
[Black "Cattaneo, Marco"]
[Result "1-0"]
[WhiteElo "2051"]
[BlackElo "1850"]
[PlyCount "95"]
[EventDate "2010.09.03"]

1. d4 d5 2. Nf3 e6 3. c4 c6 4. cxd5 exd5 5. Nc3 Nf6 6. Bg5 Be7 7. e3 Bf5 8. Bd3
Bxd3 9. Qxd3 Nbd7 10. O-O O-O 11. Rfe1 Re8 12. h3 Ne4 13. Bf4 Ndf6 14. Nd2 Bd6
15. Bxd6 Qxd6 16. Nf3 Nd7 17. Ne2 f5 18. Nh2 Qf6 19. Rac1 Re7 20. a4 a6 21. f4
h6 22. Nf3 g5 23. Ne5 Rg7 24. Qb3 Nxe5 25. dxe5 Qg6 26. Rc2 g4 27. h4 g3 28.
Nc3 Qg4 29. Nxe4 fxe4 30. Kf1 Qxh4 31. Ke2 Qg4+ 32. Kd2 Kh7 33. Kc1 Rd8 34. Qb6
Rgd7 35. Qd4 Rc8 36. a5 Rdd8 37. b4 Qd7 38. Rf1 c5 39. bxc5 Qb5 40. Rh1 Qxa5
41. e6 Qa3+ 42. Kd2 Qa5+ 43. Kd1 Qb5 44. Kd2 b6 45. Qf6 Qb4+ 46. Kc1 Qa3+ 47.
Kb1 Qb3+ 48. Ka1 1-0

[Event "XII Open"]
[Site "Crema ITA"]
[Date "2010.09.05"]
[Round "4"]
[White "Okhotnik, Vladimir"]
[Black "Salami, Marco"]
[Result "1-0"]
[WhiteElo "2437"]
[BlackElo "2195"]
[PlyCount "103"]
[EventDate "2010.09.03"]

1. e4 e6 2. d4 d5 3. exd5 exd5 4. Nf3 Nc6 5. Bb5 Bd6 6. c4 dxc4 7. O-O Nge7 8.
Bxc4 O-O 9. h3 Bf5 10. Nc3 Qd7 11. Nb5 Rad8 12. Nxd6 Qxd6 13. Be3 Be4 14. a3
Qg6 15. Nh4 Qf6 16. Qg4 Bf5 17. Nxf5 Qxf5 18. Rfd1 Qxg4 19. hxg4 Nd5 20. Rac1
Rd6 21. b4 a6 22. Bxd5 Rxd5 23. Rc5 Rfd8 24. Rb1 h6 25. Kf1 R5d7 26. Rbc1 Nxd4
27. Rxc7 Nc6 28. Rxd7 Rxd7 29. Ke2 Ne5 30. Rc8+ Kh7 31. f3 b5 32. Bc5 Nc4 33.
Ra8 Nxa3 34. Rxa6 Nc4 35. Ra7 Rd2+ 36. Kf1 Kg6 37. Rb7 Na3 38. f4 Rd5 39. Kf2
h5 40. gxh5+ Rxh5 41. Kf3 Rd5 42. Ke4 Rd2 43. g4 Re2+ 44. Kf3 Rd2 45. f5+ Kf6
46. Kf4 g5+ 47. Ke4 Nc2 48. Rxb5 Re2+ 49. Kf3 Re8 50. Bf2 Ne1+ 51. Kg3 Re2 52.
Rb6+ 1-0

[Event "XII Open"]
[Site "Crema ITA"]
[Date "2010.09.05"]
[Round "4"]
[White "Oteri, Aldo"]
[Black "Riboldi, Raffaele"]
[Result "1-0"]
[WhiteElo "1829"]
[BlackElo "1923"]
[PlyCount "63"]
[EventDate "2010.09.03"]

1. e4 e6 2. d4 d5 3. Nd2 c5 4. exd5 exd5 5. Ngf3 Nc6 6. dxc5 Bxc5 7. Nb3 Bd6 8.
c3 Nge7 9. Bd3 h6 10. O-O O-O 11. h3 Qc7 12. Nbd4 a6 13. Bc2 Bd7 14. Qd3 Ng6
15. Nxc6 Bxc6 16. Nh4 Bb5 17. Qf5 Qc4 18. Rd1 Qxh4 19. Rxd5 Qf6 20. Qxf6 gxf6
21. Rxd6 Kg7 22. Be3 Ne5 23. b3 Bc6 24. Rad1 Rg8 25. f3 Rae8 26. Kf2 h5 27.
R1d4 a5 28. Be4 Bxe4 29. Rxe4 f5 30. Rxe5 Rxe5 31. Bd4 Rge8 32. f4 1-0

[Event "XII Open"]
[Site "Crema ITA"]
[Date "2010.09.05"]
[Round "4"]
[White "Raimondi, Celso"]
[Black "Bongiorni, Gabriele"]
[Result "0-1"]
[WhiteElo "1640"]
[BlackElo "1795"]
[PlyCount "62"]
[EventDate "2010.09.03"]

1. d4 Nf6 2. c4 d5 3. Nc3 e6 4. Bg5 Be7 5. e3 O-O 6. Nf3 a6 7. a4 Nc6 8. Be2 h6
9. Bh4 Re8 10. O-O Na5 11. Ne5 dxc4 12. Nxc4 Nxc4 13. Bxc4 b6 14. Qf3 Ra7 15.
Rad1 Bb7 16. e4 Nh7 17. Bxe7 Qxe7 18. d5 Qb4 19. b3 Ng5 20. Qd3 Raa8 21. h4
exd5 22. exd5 Nh7 23. Ne4 b5 24. axb5 axb5 25. Bxb5 Rxe4 26. g3 Nf6 27. Bc4
Rae8 28. Qc2 Qd6 29. Rd2 Ba6 30. Bxa6 Qxa6 31. Qxc7 Re1 0-1

[Event "XII Open"]
[Site "Crema ITA"]
[Date "2010.09.05"]
[Round "4"]
[White "Raimondi, Giorgio"]
[Black "Borboni, Paolo"]
[Result "1-0"]
[WhiteElo "1503"]
[BlackElo "1745"]
[PlyCount "117"]
[EventDate "2010.09.03"]

1. e4 e5 2. Nf3 Nc6 3. Bc4 Nf6 4. Ng5 d5 5. exd5 Na5 6. Bb5+ c6 7. dxc6 bxc6 8.
Be2 h6 9. Nf3 e4 10. Ng1 Bd6 11. d3 exd3 12. Qxd3 O-O 13. Nf3 Re8 14. O-O Nb7
15. Nc3 Nc5 16. Qd1 Bb7 17. Re1 Qc7 18. h3 Rad8 19. Bd2 Qb6 20. Qc1 Nce4 21.
Be3 Bc5 22. Na4 Bxe3 23. Qxe3 Qxe3 24. fxe3 Nd5 25. Bd3 Ndf6 26. Rad1 c5 27.
Bb5 Rxd1 28. Rxd1 Rc8 29. b3 Nd5 30. Re1 Nb4 31. Bd3 f6 32. a3 Na6 33. Re2 Rd8
34. Kh2 g5 35. Nd2 Nxd2 36. Rxd2 Kg7 37. Rf2 Rd5 38. e4 Re5 39. Rf5 Re6 40.
Bxa6 Bxa6 41. Nxc5 Rc6 42. Nxa6 Rxa6 43. a4 Rc6 44. c4 Rb6 45. Rf3 Re6 46. Rc3
a5 47. c5 Rxe4 48. c6 Re8 49. Rc5 Rc8 50. Rxa5 Rxc6 51. b4 Kf7 52. b5 Rc8 53.
Ra7+ Ke6 54. b6 Kd6 55. b7 Rb8 56. a5 Kc7 57. a6 f5 58. g3 h5 59. Ra8 1-0

[Event "XII Open"]
[Site "Crema ITA"]
[Date "2010.09.05"]
[Round "4"]
[White "Rambaldi, Francesco"]
[Black "Bolico, Exfelicos"]
[Result "1-0"]
[WhiteElo "2015"]
[BlackElo "2160"]
[PlyCount "69"]
[EventDate "2010.09.03"]

1. e4 c5 2. Nf3 d6 3. d4 cxd4 4. Qxd4 Nc6 5. Bb5 Bd7 6. Bxc6 Bxc6 7. Nc3 Nf6 8.
Bg5 h6 9. Bxf6 gxf6 10. O-O-O e6 11. Rhe1 Rg8 12. g3 Be7 13. Nd5 Bxd5 14. exd5
e5 15. Qe4 Rh8 16. Nh4 Qa5 17. Qc4 Kd8 18. Nf5 Rc8 19. Qb3 Rc7 20. Re4 Qc5 21.
Ne3 b5 22. Rb4 a6 23. Rd3 Kd7 24. Rc3 Qa7 25. Rxc7+ Kxc7 26. a4 Rb8 27. axb5
axb5 28. Rxb5 Rxb5 29. Qxb5 Qa1+ 30. Kd2 Qg1 31. Qc6+ Kd8 32. Qb6+ Ke8 33. Nf5
Qg2 34. Qc6+ Kd8 35. Qa8+ 1-0

[Event "XII Open"]
[Site "Crema ITA"]
[Date "2010.09.05"]
[Round "4"]
[White "Ranfagni, Stefano"]
[Black "Bonade', Massimo"]
[Result "0-1"]
[WhiteElo "2011"]
[BlackElo "2091"]
[PlyCount "162"]
[EventDate "2010.09.03"]

1. e4 c5 2. Nc3 d6 3. g3 g6 4. Bg2 Bg7 5. d3 Nc6 6. Be3 e6 7. Qd2 Nge7 8. Nge2
O-O 9. O-O Rb8 10. Bh6 b5 11. Bxg7 Kxg7 12. f4 b4 13. Nd1 d5 14. Nf2 h5 15. e5
Nf5 16. g4 hxg4 17. Nxg4 Qh4 18. Nf6 Rh8 19. h3 Ncd4 20. Nxd4 cxd4 21. Qe1 Ne3
22. Qxh4 Rxh4 23. Rf3 Ba6 24. c3 bxc3 25. bxc3 Nxg2 26. Kxg2 dxc3 27. d4 c2 28.
Rc1 Rc8 29. Kf2 Bb5 30. Kg3 Rhh8 31. Ng4 Rc6 32. Ne3 Rhc8 33. Kf2 Ra6 34. a3
Ba4 35. Ke1 Kf8 36. Kd2 Rac6 37. Ng2 Rc4 38. Rd3 Ke7 39. Ne1 a6 40. Nf3 Rh8 41.
h4 Rhc8 42. Ng1 Bb5 43. Ne2 Rh8 44. Rh3 Kd7 45. Rh2 Ra4 46. Rxc2 Bxe2 47. Kxe2
Rxd4 48. Ke3 Re4+ 49. Kf3 Ra4 50. Rc3 Rc8 51. Rhc2 Rac4 52. Rxc4 Rxc4 53. Rb2
Kc7 54. Rb3 a5 55. Rd3 a4 56. Kg4 Kd7 57. Kg5 Ke7 58. Rf3 Re4 59. Rd3 Kf8 60.
Rc3 Rc4 61. Rd3 Kg7 62. Rg3 Rc2 63. h5 gxh5 64. Kxh5+ Kf8 65. Kg5 Ke7 66. f5
exf5 67. Kxf5 Rf2+ 68. Kg5 Ke6 69. Rg4 Kxe5 70. Rxa4 Rg2+ 71. Kh4 d4 72. Ra7 f5
73. a4 d3 74. Rd7 Rg4+ 75. Kh3 Rd4 76. Re7+ Kf4 77. Re1 Rxa4 78. Kg2 Ra2+ 79.
Kf1 Kf3 80. Rd1 Ke3 81. Ke1 Rh2 0-1

[Event "XII Open"]
[Site "Crema ITA"]
[Date "2010.09.05"]
[Round "4"]
[White "Reduzzi, Maurizio"]
[Black "Aliberti, Emilio"]
[Result "1-0"]
[WhiteElo "2089"]
[BlackElo "1877"]
[PlyCount "81"]
[EventDate "2010.09.03"]

1. d4 d5 2. c4 c6 3. Nf3 Nf6 4. e3 a6 5. Nc3 b5 6. b3 Bg4 7. Be2 e6 8. O-O Nbd7
9. Bb2 Be7 10. h3 Bh5 11. Ne5 Bxe2 12. Qxe2 Nxe5 13. dxe5 Nd7 14. cxd5 cxd5 15.
Rfd1 O-O 16. e4 d4 17. Rxd4 Bc5 18. Rd2 Qc7 19. Rc1 Rfd8 20. a3 Qb6 21. Rcd1
Nf8 22. a4 b4 23. Nb1 Ng6 24. g3 Kf8 25. Rxd8+ Rxd8 26. Rxd8+ Qxd8 27. Nd2 Bd4
28. Bxd4 Qxd4 29. Nc4 Nxe5 30. Nxe5 Qxe5 31. Qxa6 Qxe4 32. Qd6+ Ke8 33. g4 Qb1+
34. Kg2 Qxb3 35. a5 Qc4 36. a6 Qe4+ 37. Kg3 b3 38. Qb8+ Ke7 39. a7 b2 40. Qxb2
g5 41. Qb8 1-0

[Event "XII Open"]
[Site "Crema ITA"]
[Date "2010.09.05"]
[Round "4"]
[White "Saccani, Ettore"]
[Black "Vuckovic, Dimitrije"]
[Result "0-1"]
[WhiteElo "1800"]
[BlackElo "1566"]
[PlyCount "64"]
[EventDate "2010.09.03"]

1. e4 c5 2. Nf3 d6 3. c3 Nc6 4. d4 e6 5. Bd3 Be7 6. O-O Nf6 7. Nbd2 O-O 8. Re1
cxd4 9. cxd4 a6 10. Nf1 b5 11. Ng3 Qc7 12. Bd2 Qb6 13. Be3 Ng4 14. e5 Nxe3 15.
Rxe3 Nb4 16. Ne4 Nd5 17. Re1 Nf4 18. Rc1 Bb7 19. exd6 Bxd6 20. Nxd6 Qxd6 21.
Be4 Bxe4 22. Rxe4 Nd5 23. Qd2 Nf6 24. Re5 Ng4 25. Rec5 h6 26. h3 Nf6 27. Ne5
Ne4 28. Rc6 Qxc6 29. Qf4 Qd5 30. Nc6 Rae8 31. f3 Nf6 32. Nb4 Qg5 0-1

[Event "XII Open"]
[Site "Crema ITA"]
[Date "2010.09.05"]
[Round "4"]
[White "Scarabelli, Maurizio"]
[Black "Colombo, Luca"]
[Result "1/2-1/2"]
[WhiteElo "1825"]
[BlackElo "1918"]
[PlyCount "153"]
[EventDate "2010.09.03"]

1. e4 c5 2. Nf3 d6 3. d4 cxd4 4. Nxd4 Nf6 5. Nc3 g6 6. f3 Bg7 7. Be3 O-O 8. Qd2
Nc6 9. O-O-O Bd7 10. Kb1 Rc8 11. h4 Ne5 12. g4 Qa5 13. Nd5 Qxd2 14. Nxe7+ Kh8
15. Rxd2 Rce8 16. g5 Nxe4 17. fxe4 Rxe7 18. Bd3 Ng4 19. Bg1 d5 20. Nb3 dxe4 21.
Bc5 exd3 22. Bxe7 Re8 23. Bc5 dxc2+ 24. Kxc2 Bf5+ 25. Kd1 b6 26. Re1 Ne5 27.
Bd4 Bg4+ 28. Kc1 Rc8+ 29. Bc3 Nf3 30. Re3 Nxd2 31. Kxd2 Bxc3+ 32. bxc3 Be6 33.
Rd3 Kg7 34. Rd4 Rc4 35. a3 Rxd4+ 36. Nxd4 Bd7 37. Ke3 h6 38. Kf4 hxg5+ 39. hxg5
f6 40. Nf3 Kf7 41. gxf6 Kxf6 42. Ng5 Bf5 43. Nf3 Bc8 44. Ng5 Bb7 45. Nh7+ Ke6
46. c4 Ba6 47. Nf8+ Kd6 48. Nxg6 Kc5 49. Ke3 Bxc4 50. Ne5 Kd5 51. Nf3 b5 52.
Nd2 a6 53. Ne4 Bf1 54. Nd2 Bg2 55. Kd3 Kc5 56. Kc3 Bd5 57. Nf1 a5 58. Ne3 Be4
59. Nf1 Bh7 60. Nd2 b4+ 61. Kb2 Bg8 62. Ne4+ Kd4 63. Nd2 Kd3 64. axb4 axb4 65.
Nb3 Kc4 66. Na5+ Kb5 67. Nb7 Bd5 68. Nd6+ Kc5 69. Nf5 Be4 70. Ne3 Kb5 71. Kb3
Bh7 72. Nd1 Bg8+ 73. Kb2 Kc4 74. Ne3+ Kd3 75. Nd1 Kd2 76. Nf2 Ke3 77. Ng4+
1/2-1/2

[Event "XII Open"]
[Site "Crema ITA"]
[Date "2010.09.05"]
[Round "4"]
[White "Secondi, Alberto"]
[Black "Folcini, Gaddo"]
[Result "0-1"]
[WhiteElo "1455"]
[BlackElo "1543"]
[PlyCount "40"]
[EventDate "2010.09.03"]

1. d4 e5 2. d5 Bc5 3. e4 d6 4. Nf3 Nf6 5. Nc3 Bg4 6. Be2 Nbd7 7. h3 Bxf3 8.
Bxf3 h5 9. Bg5 Qe7 10. Qd2 O-O-O 11. O-O Nf8 12. Na4 N8h7 13. Bxf6 gxf6 14. h4
f5 15. Nxc5 Qxh4 16. Nd3 fxe4 17. Qb4 Ng5 18. Be2 Nh3+ 19. Kh2 Nf4+ 20. Kg1
Nxe2# 0-1

[Event "XII Open"]
[Site "Crema ITA"]
[Date "2010.09.05"]
[Round "4"]
[White "Stella, Luca"]
[Black "Giretti Kanev, Jasen"]
[Result "1/2-1/2"]
[WhiteElo "2042"]
[BlackElo "2191"]
[PlyCount "99"]
[EventDate "2010.09.03"]

1. Nf3 d5 2. g3 g6 3. Bg2 Bg7 4. O-O e5 5. d3 Nc6 6. Nbd2 Nf6 7. e4 dxe4 8.
dxe4 O-O 9. c3 h6 10. Qe2 Qe7 11. Re1 a5 12. a4 b6 13. b3 Ba6 14. Nc4 Qe6 15.
Bf1 Rfd8 16. Qc2 Bf8 17. Ba3 Bxa3 18. Nxa3 Bxf1 19. Rxf1 Qg4 20. Nd2 Qe2 21.
Nac4 Qd3 22. Qxd3 Rxd3 23. Rac1 Rad8 24. Rc2 Ne8 25. f3 Ng7 26. Kf2 Ne6 27. Ke2
R3d7 28. Rb1 f6 29. Nf1 Ned4+ 30. cxd4 Nxd4+ 31. Kd2 Nxb3+ 32. Ke1 Nc5 33. Nfe3
Nxa4 34. Nd5 Kf7 35. Ke2 Nc5 36. Nxa5 Ra8 37. Nb3 Ne6 38. Kf2 Ra3 39. Nd2 b5
40. Rbc1 c5 41. Rc3 Ra2 42. R3c2 Rda7 43. Rxa2 Rxa2 44. Ke1 c4 45. Nc3 Ra5 46.
Rb1 Nd4 47. Kd1 Ke6 48. Kc1 Kd6 49. Kd1 Kc6 50. Nd5 1/2-1/2

[Event "XII Open"]
[Site "Crema ITA"]
[Date "2010.09.05"]
[Round "4"]
[White "Stradiotti, Maurizio"]
[Black "Maddaloni, Giovanni"]
[Result "1/2-1/2"]
[WhiteElo "1686"]
[BlackElo "1801"]
[PlyCount "57"]
[EventDate "2010.09.03"]

1. d4 Nf6 2. c4 d6 3. Nc3 g6 4. e4 Bg7 5. f4 O-O 6. Nf3 c5 7. d5 e6 8. Be2 exd5
9. cxd5 a6 10. O-O Re8 11. Nd2 b5 12. Bd3 Qb6 13. Kh1 Ng4 14. Qf3 c4 15. h3 h5
16. hxg4 hxg4 17. Qg3 Bd4 18. Be2 Kg7 19. Bxg4 Bxg4 20. Nf3 Bxf3 21. gxf3 Nd7
22. f5 Be5 23. f4 Bxc3 24. bxc3 Nc5 25. e5 Rh8+ 26. Kg2 Rag8 27. Rh1 Nd3 28.
Rxh8 Rxh8 29. Be3 1/2-1/2

[Event "XII Open"]
[Site "Crema ITA"]
[Date "2010.09.05"]
[Round "4"]
[White "Tahiraj, Almir"]
[Black "Pisani, Valerio"]
[Result "1-0"]
[WhiteElo "1548"]
[BlackElo "1749"]
[PlyCount "89"]
[EventDate "2010.09.03"]

1. d4 Nf6 2. c4 g6 3. Nc3 Bg7 4. e4 d6 5. Nf3 O-O 6. Be2 e5 7. dxe5 dxe5 8.
Qxd8 Rxd8 9. Bg5 c6 10. O-O Re8 11. Rfd1 h6 12. Bh4 Nh5 13. Rd2 Nf4 14. Bf1 g5
15. Bg3 Ng6 16. Rad1 Bg4 17. Rd8 Na6 18. Rxa8 Rxa8 19. a3 Nc5 20. h3 Bxf3 21.
gxf3 Ne6 22. Rd7 Rb8 23. Nd1 Nd4 24. Ne3 Nxf3+ 25. Kg2 Nf8 26. Rd6 Nd4 27. Ng4
Re8 28. Nxh6+ Bxh6 29. Rxh6 Ng6 30. h4 Nf4+ 31. Bxf4 gxf4 32. Rd6 Re7 33. Kh3
Kg7 34. Kg4 f6 35. h5 Rf7 36. c5 Nb3 37. Bc4 Nxc5 38. Bxf7 Kxf7 39. f3 Ke7 40.
Rd2 Ne6 41. h6 Nf8 42. Kf5 Nh7 43. Kg6 Nf8+ 44. Kg7 Ne6+ 45. Kg8 1-0

[Event "XII Open"]
[Site "Crema ITA"]
[Date "2010.09.05"]
[Round "4"]
[White "Ventura, Franco"]
[Black "Tagliaferri, Valerio"]
[Result "1-0"]
[WhiteElo "2099"]
[BlackElo "1884"]
[PlyCount "33"]
[EventDate "2010.09.03"]

1. c4 Nf6 2. Nc3 e6 3. Nf3 c5 4. g3 Nc6 5. Bg2 Be7 6. O-O O-O 7. d4 cxd4 8.
Nxd4 a6 9. b3 Rb8 10. Bb2 Qc7 11. Rc1 Rd8 12. e3 b6 13. Nd5 exd5 14. cxd5 Bb7
15. Nf5 Nxd5 16. Qxd5 Bf8 17. Nh6+ 1-0

[Event "XII Open"]
[Site "Crema ITA"]
[Date "2010.09.05"]
[Round "5"]
[White "Adami, Alessandro"]
[Black "Christen, Peter Walter"]
[Result "1-0"]
[WhiteElo "1675"]
[BlackElo "1544"]
[PlyCount "56"]
[EventDate "2010.09.03"]

1. e4 e6 2. d4 d5 3. exd5 exd5 4. Bd3 Nf6 5. h3 Bd6 6. Qf3 O-O 7. Bf4 Re8+ 8.
Ne2 Nc6 9. c3 Bxf4 10. Qxf4 Ne7 11. O-O Ng6 12. Bxg6 fxg6 13. Ng3 Be6 14. Nd2
Qd7 15. Nf3 Rf8 16. Ne5 Qd6 17. Qg5 Nd7 18. f4 Nxe5 19. Qxe5 Qxe5 20. fxe5
Rxf1+ 21. Rxf1 Rf8 22. Rxf8+ Kxf8 23. Kf2 Ke7 24. Kf3 c6 25. Kf4 Kf7 26. h4 Ke7
27. h5 gxh5 28. Nxh5 Kf7 1-0

[Event "XII Open"]
[Site "Crema ITA"]
[Date "2010.09.05"]
[Round "5"]
[White "Adami, Antonio"]
[Black "Gemelli, Giovanni"]
[Result "1/2-1/2"]
[WhiteElo "1686"]
[BlackElo "1500"]
[PlyCount "96"]
[EventDate "2010.09.03"]

1. e4 c5 2. Nc3 Nc6 3. g3 g6 4. Bg2 e6 5. d3 Bg7 6. Be3 b6 7. Qd2 Nge7 8. Bh6
O-O 9. h4 f6 10. Bxg7 Kxg7 11. O-O-O a6 12. h5 Rf7 13. hxg6 Nxg6 14. Qh6+ Kg8
15. Nf3 Qf8 16. Qe3 Bb7 17. Rh2 Re8 18. Rdh1 Ree7 19. Na4 Qd8 20. Qh6 Rg7 21.
Nh4 Nge5 22. Qd2 d6 23. f4 Nd7 24. f5 e5 25. Ng6 Ref7 26. Qe2 b5 27. Nc3 Nd4
28. Qg4 Qc7 29. Rxh7 Rxh7 30. Rxh7 Rxh7 31. Ne7+ Kf8 32. Qg8+ Kxe7 33. Qxh7+
Ke8 34. Bh3 Qd8 35. Qg8+ Nf8 36. Bg4 Qe7 37. Bh5+ Kd7 38. Nd5 Bxd5 39. Qxd5 Nc6
40. g4 Qg7 41. b3 b4 42. Qc4 Nb8 43. Kb1 Qg5 44. Qf7+ Kc6 45. Qxf8 Kb7 46. Qxd6
Qd2 47. Qd5+ Ka7 48. Qf7+ Ka8 1/2-1/2

[Event "XII Open"]
[Site "Crema ITA"]
[Date "2010.09.05"]
[Round "5"]
[White "Agnelli, Francesco"]
[Black "Mansueti, Marco"]
[Result "1-0"]
[WhiteElo "2044"]
[BlackElo "1872"]
[PlyCount "85"]
[EventDate "2010.09.03"]

1. e4 c5 2. Nf3 Nc6 3. d4 cxd4 4. Nxd4 d6 5. Nc3 Nf6 6. f3 a6 7. Be3 e6 8. Qd2
Be7 9. O-O-O Qc7 10. g4 b5 11. Nxc6 Qxc6 12. Bd3 Bb7 13. g5 Nd7 14. Kb1 O-O-O
15. Ne2 e5 16. c4 Kb8 17. cxb5 axb5 18. Qa5 Qa6 19. Qxb5 Qxb5 20. Bxb5 Nc5 21.
Nc3 Rhf8 22. Bc4 f5 23. gxf6 Rxf6 24. Bg5 Rxf3 25. Bxe7 Rxc3 26. bxc3 Bxe4+ 27.
Kb2 Rd7 28. Bh4 Rb7+ 29. Kc1 Rb1+ 30. Kd2 Rb2+ 31. Ke3 Bxh1 32. Rxh1 Na4 33.
Be1 Nb6 34. Bb3 Kc7 35. c4 Rg2 36. Bg3 Kd7 37. Rd1 Ke7 38. Kf3 Rb2 39. Bh4+ Kd7
40. c5 Nc8 41. Bg3 Ke7 42. cxd6+ Nxd6 43. Bxe5 1-0

[Event "XII Open"]
[Site "Crema ITA"]
[Date "2010.09.05"]
[Round "5"]
[White "Astengo, Marcello"]
[Black "Baccarin, Stefano"]
[Result "1-0"]
[WhiteElo "2064"]
[BlackElo "1794"]
[PlyCount "73"]
[EventDate "2010.09.03"]

1. d4 Nf6 2. c4 g6 3. Nc3 Bg7 4. e4 d6 5. f3 O-O 6. Bg5 c5 7. d5 Nbd7 8. Nh3 a6
9. Nf2 Rb8 10. Qd2 Qa5 11. a4 Re8 12. Be2 Ne5 13. f4 Neg4 14. Nxg4 Nxg4 15. h3
Nf6 16. O-O Nd7 17. Qc2 h6 18. Bh4 Qd8 19. Bd3 Rf8 20. Rae1 Qe8 21. Bg3 Nf6 22.
e5 dxe5 23. fxe5 Nh5 24. Bh2 e6 25. g4 Qd8 26. gxh5 Qg5+ 27. Qg2 Qxg2+ 28. Kxg2
gxh5 29. Ne4 exd5 30. cxd5 Rd8 31. e6 fxe6 32. Bxb8 Rxd5 33. Bb1 b5 34. Nf6+
Bxf6 35. Rxf6 Rg5+ 36. Kh2 Bb7 37. Rg6+ 1-0

[Event "XII Open"]
[Site "Crema ITA"]
[Date "2010.09.05"]
[Round "5"]
[White "Attuati, Stefano"]
[Black "Ventura, Franco"]
[Result "1-0"]
[WhiteElo "1930"]
[BlackElo "2099"]
[PlyCount "91"]
[EventDate "2010.09.03"]

1. e4 e6 2. d4 d5 3. Nc3 Bb4 4. Bd2 Nf6 5. e5 Ng8 6. Qg4 Bf8 7. Nf3 b6 8. b4
Nc6 9. a3 Bb7 10. Bd3 Qd7 11. Ne2 O-O-O 12. Qf4 f6 13. b5 Nce7 14. h4 Nf5 15.
g4 Nxh4 16. Nxh4 g5 17. Qf3 gxh4 18. exf6 Kb8 19. g5 Bd6 20. Bf4 Rf8 21. Rxh4
h6 22. Be5 Bxe5 23. dxe5 d4 24. Qg3 Ne7 25. Rxd4 Qe8 26. fxe7 Qxe7 27. Be4 Bxe4
28. Rxe4 hxg5 29. O-O-O Qc5 30. Nd4 Re8 31. Qb3 Rh2 32. Nc6+ Kb7 33. Qa4 a5 34.
bxa6+ Ka8 35. Red4 Rhh8 36. Rd8+ Rxd8 37. Rxd8+ Rxd8 38. Nxd8 Ka7 39. Nc6+ Ka8
40. Nb4 b5 41. Qb3 Qxf2 42. Qxe6 Qe3+ 43. Kb2 Qd4+ 44. Ka2 Qc4+ 45. Qxc4 bxc4
46. Nc6 1-0

[Event "XII Open"]
[Site "Crema ITA"]
[Date "2010.09.05"]
[Round "5"]
[White "Bonade', Massimo"]
[Black "Everet, Alexandro"]
[Result "0-1"]
[WhiteElo "2091"]
[BlackElo "2246"]
[PlyCount "80"]
[EventDate "2010.09.03"]

1. d4 Nf6 2. Nf3 g6 3. c4 Bg7 4. Nc3 b6 5. e4 d6 6. Be2 Bb7 7. Qc2 Nbd7 8. O-O
O-O 9. b3 Nh5 10. Rd1 a6 11. Ng5 h6 12. Bxh5 hxg5 13. Be2 e5 14. d5 f5 15. b4
a5 16. Ba3 Bc8 17. bxa5 Rxa5 18. Bb4 Ra8 19. a4 Nf6 20. a5 bxa5 21. Rxa5 Rb8
22. Qa4 fxe4 23. c5 Bf5 24. cxd6 cxd6 25. Qa3 Ne8 26. Nb5 Rf6 27. Ra6 Bc8 28.
Ra7 Rxb5 29. Bxb5 Qb6 30. Bc4 Qxf2+ 31. Kh1 Bg4 32. Ra1 e3 33. Ra8 Rf8 34. Qa4
Qf7 35. Bb5 e2 36. h3 e4 37. Bxe8 Qf1+ 38. Rxf1 exf1=Q+ 39. Kh2 Be5+ 40. g3
Rf2# 0-1

[Event "XII Open"]
[Site "Crema ITA"]
[Date "2010.09.05"]
[Round "5"]
[White "Bongiorni, Gabriele"]
[Black "Guidi, Giacomo G."]
[Result "0-1"]
[WhiteElo "1795"]
[BlackElo "1942"]
[PlyCount "104"]
[EventDate "2010.09.03"]

1. d4 e6 2. c4 f5 3. g3 Nf6 4. Bg2 Be7 5. Nf3 O-O 6. Nc3 d6 7. O-O Qe8 8. Re1
Qg6 9. Nh4 Qf7 10. Nf3 Ne4 11. Qc2 Qg6 12. e3 c6 13. b4 Nd7 14. Bb2 d5 15. c5
Qh6 16. Ne2 Ndf6 17. Nf4 g5 18. Nd3 Ng4 19. h3 Ngf6 20. Kf1 f4 21. exf4 gxf4
22. Bc1 e5 23. Ndxe5 Bxh3 24. Bxf4 Qh5 25. Ng1 Bf5 26. Qe2 Qe8 27. Bh3 Nh5 28.
Bxf5 Rxf5 29. Qg4+ Ng7 30. Nh3 Qh5 31. Qxh5 Nxh5 32. Kg2 Nxf4+ 33. Nxf4 Bg5 34.
Ned3 h5 35. Nxh5 Bd2 36. Rh1 Bc3 37. Rh4 Bxa1 38. Nhf4 Bxd4 39. f3 Nc3 40. Ne6
Bf6 41. Rg4+ Kf7 42. Nef4 Rg8 43. Rxg8 Kxg8 44. g4 Rg5 45. Ne6 Nxa2 46. Nxg5
Bxg5 47. f4 Bf6 48. g5 Bc3 49. Kf3 Nxb4 50. Nxb4 Bxb4 51. f5 Bxc5 52. Kf4 a5
0-1

[Event "XII Open"]
[Site "Crema ITA"]
[Date "2010.09.05"]
[Round "5"]
[White "Borboni, Paolo"]
[Black "Madaschi, Sergio"]
[Result "0-1"]
[WhiteElo "1745"]
[BlackElo "1587"]
[PlyCount "112"]
[EventDate "2010.09.03"]

1. d4 d5 2. c4 c6 3. Nc3 Nf6 4. cxd5 cxd5 5. Bf4 e6 6. e3 Bb4 7. Bd3 Nc6 8. Nf3
O-O 9. O-O a6 10. Rc1 Bd7 11. Nd2 Qe7 12. Nb3 Rac8 13. f3 Nh5 14. Ne2 Nxf4 15.
Nxf4 Bd6 16. Ne2 Qg5 17. f4 Qe7 18. Rf3 f5 19. Rh3 Nb4 20. Bb1 Rxc1 21. Nexc1
Bb5 22. a3 Nc6 23. Bc2 Nb8 24. Ne2 Nd7 25. Nc3 Bc6 26. Nd2 Nf6 27. Nf3 Rc8 28.
Ne5 Be8 29. g4 fxg4 30. Nxg4 g6 31. Nxf6+ Qxf6 32. Qg4 Rc7 33. Rg3 Bxa3 34. f5
Bd6 35. fxg6 h6 36. Rf3 Qg5 37. Qxg5 hxg5 38. Rh3 Rg7 39. Rh6 Be7 40. Ne2 g4
41. Nf4 Bg5 42. Rh7 Bxf4 43. Rxg7+ Kxg7 44. exf4 Bxg6 45. Bd1 Bf5 46. Kf2 Kf6
47. Kg3 Ke7 48. Bxg4 Bxg4 49. Kxg4 b5 50. Kg5 a5 51. h4 a4 52. Kg6 Kf8 53. Kf6
b4 54. h5 b3 55. h6 Kg8 56. Kxe6 a3 0-1